000 01134nam a2200253 a 4500
001 000022435
005 20200930021624.0
008 101011s2002 dr 000 0 spa d
040 _aDO-SdBNP
_bspa
_cBNPHU
082 _a327.8
_bC969c
111 2 _aCumbre Iberoamericana
_946247
245 1 0 _aCumbres iberoamericanas de jefes de estado y de gobierno /
_cMiguel Reyes Sánchez.
246 1 4 _aCumbres iberoamericanas de jefes de estado y de gobierno:
_bdocumentos y declaraciones
260 _aSanto Domingo :
_bEscuela Diplomática y Consular,
_c2002.
300 _a774 p. ;
_c22 cm.
590 _aInventariado, 2018/BT
650 4 _aConferencias interamericanas
_xCongresos, conferencias, etc.
_946248
650 4 _aJefes de estado
_zAmérica Latina
_xCongresos, conferencias, etc.
_946249
651 4 _aAmérica Latina
_xRelaciones
_zEspaña
_919200
651 4 _aAmérica Latina
_xRelaciones Exteriores
_94075
700 1 2 _aReyes Sánchez, Miguel,
_d1966-
_92285
710 1 2 _aRepública Dominicana
_bSecretaría de Estado de Relaciones Exteriores
_bEscuela Diplomática y Consular
_92252
910 _aValidado. Control de calidad. MFF
999 _c21933
_d21933